István király [vers] /

Elmentve itt :
Bibliográfiai részletek
Szerző: Móra László
Dokumentumtípus: Cikk
Megjelent: 1938
Sorozat:Gyakorlati pedagógia 4 No. 6
Kulcsszavak:Magyar irodalom - vers
Tárgyszavak:
Online Access:http://acta.bibl.u-szeged.hu/51639
LEADER 00638nab a2200193 i 4500
001 acta51639
005 20250410084513.0
008 180427s1938 hu o 000 hun d
040 |a SZTE Egyetemi Kiadványok Repozitórium  |b hun 
041 |a hun 
100 1 |a Móra László 
245 1 0 |a István király   |h [elektronikus dokumentum] :  |b [vers] /  |c  Móra László 
260 |c 1938 
300 |a 330 
490 0 |a Gyakorlati pedagógia  |v 4 No. 6 
650 4 |a Bölcsészettudományok 
650 4 |a Nyelvek és irodalom 
695 |a Magyar irodalom - vers 
856 4 0 |u http://acta.bibl.u-szeged.hu/51639/1/gyakorlati_1938_006_330.pdf  |z Dokumentum-elérés